| 000 | 00724nam a2200169 a 4500 | ||
|---|---|---|---|
| 008 | 120416s1977 ||||||||||||||||| || u | ||
| 020 | _a0582641748 | ||
| 050 | _aHM 51 Pei | ||
| 100 | _aPeil, Margaret | ||
| 245 | 1 | 0 | _aConsensus and conflict in African Societies: an introduction to sociology |
| 260 |
_aHarlow, Essex _bLongman _c1977 |
||
| 300 | _axv, 396p. : ill | ||
| 350 | _a0.00 | ||
| 650 | 0 | _aSOCIOLOGY | |
| 995 |
_aMAIN LIBRARY OPEN ACCESS _D0.00 _e709200 _FCBU-MAIN LIBRARY (Kitwe) _H1 _I9.95 _jHM 51 Pei _M1 _UAVAILABLE _y008491 _ZMain Library Open Access Collection |
||
| 995 |
_aTEXTBOOKS (SBE) _D0.00 _e2075 _FCBU-SCHOOL TEXTBOOK COLLECTIONS _H1 _I0.00 _jSCHOOL TEXTBOOK _M2 _UAVAILABLE _WNov 24, 2008 _y2075 _ZSchool Collections |
||
| 999 |
_c79744 _d79744 |
||